| 000 -LEADER |
| fixed length control field |
02804 a2200313 4500 |
| 003 - CONTROL NUMBER IDENTIFIER |
| control field |
Nust |
| 005 - DATE AND TIME OF LATEST TRANSACTION |
| control field |
20170207154049.0 |
| 010 ## - LIBRARY OF CONGRESS CONTROL NUMBER |
| LC control number |
2005043995 |
| 020 ## - INTERNATIONAL STANDARD BOOK NUMBER |
| International Standard Book Number |
0-8247-2542-5 |
| 020 ## - INTERNATIONAL STANDARD BOOK NUMBER |
| International Standard Book Number |
978-0-8247-2542-6 |
| 035 ## - SYSTEM CONTROL NUMBER |
| System control number |
(OCoLC)ocm58919842 |
| 040 ## - CATALOGING SOURCE |
| Transcribing agency |
Nust |
| 082 00 - DEWEY DECIMAL CLASSIFICATION NUMBER |
| Classification number |
616.07/548 |
| 245 00 - TITLE STATEMENT |
| Title |
Advanced image processing in magnetic resonance imaging(E-BOOK) |
| Statement of responsibility, etc. |
edited by Luigi Landini, Vicenzo Positano, Maria Filomena Santarelli. |
| 260 ## - PUBLICATION, DISTRIBUTION, ETC. |
| Place of publication, distribution, etc. |
Boca Raton, FL : |
| Name of publisher, distributor, etc. |
CRC/Taylor & Francis, |
| Date of publication, distribution, etc. |
2005. |
| 300 ## - PHYSICAL DESCRIPTION |
| Extent |
611 p., [4] p. of plates : |
| Other physical details |
ill. (some col.) ; |
| Dimensions |
24 cm. |
| 440 #0 - SERIES STATEMENT/ADDED ENTRY--TITLE |
| Title |
Signal processing and communications ; |
| Volume/sequential designation |
27 |
| 520 ## - SUMMARY, ETC. |
| Summary, etc. |
Automation is quickly becoming the standard across nearly every area of manufacturing. Pneumatic actuators play a very important role in modern automation systems, yet until now there has been no book that takes into account the recent progress not only in the pneumatic systems themselves but also in the integration of mechatronics, electronic control systems, and modern control algorithms with pneumatic actuating systems. Filling this void, Pneumatic Actuating Systems for Automatic Equipment: Structure and Design describes novel constructions along with many of the most commonly applied pneumatic actuating systems. Covering everything from underlying principles to mechanics, numerical modeling, parameter calculation, and control algorithms, this book uses real-world-tested designs to fully illustrate the systems and components presented. After an in-depth discussion of the various types of pneumatic actuators and electropneumatic control valves, the authors explain how to determine the system state variables and then examine open-loop and closed-loop pneumatic actuating systems in detail. They emphasize both the construction and dynamics of actuators to demonstrate and verify their properties before implementation. Pneumatic Actuating Systems for Automatic Equipment: Structure and Design offers a modern treatment of the subject along with applied knowledge using practical examples and exercises to highlight the concepts. It is an ideal resource to bring you up to date on this critical component of automation. |
| 650 #0 - SUBJECT ADDED ENTRY--TOPICAL TERM |
| Topical term or geographic name entry element |
Image processing. |
| 650 #0 - SUBJECT ADDED ENTRY--TOPICAL TERM |
| Topical term or geographic name entry element |
Magnetic resonance imaging. |
| 651 ## - SUBJECT ADDED ENTRY--GEOGRAPHIC NAME |
| Geographic name |
E-BOOK |
| 700 1# - ADDED ENTRY--PERSONAL NAME |
| Personal name |
Landini, Luigi. |
| 700 1# - ADDED ENTRY--PERSONAL NAME |
| Personal name |
Positano, Vicenzo. |
| 700 1# - ADDED ENTRY--PERSONAL NAME |
| Personal name |
Santarelli, Maria Filomena. |
| 856 40 - ELECTRONIC LOCATION AND ACCESS |
| Uniform Resource Identifier |
<a href="http://focus.lib.kth.se/login?url=http://www.engnetbase.com/ejournals/books/book_km.asp?id=4668">http://focus.lib.kth.se/login?url=http://www.engnetbase.com/ejournals/books/book_km.asp?id=4668</a> |
| 856 40 - ELECTRONIC LOCATION AND ACCESS |
| Uniform Resource Identifier |
<a href="http://proxy.lib.chalmers.se/login?url=http://www.engnetbase.com/ejournals/books/book_km.asp?id=4668">http://proxy.lib.chalmers.se/login?url=http://www.engnetbase.com/ejournals/books/book_km.asp?id=4668</a> |
| 856 40 - ELECTRONIC LOCATION AND ACCESS |
| Uniform Resource Identifier |
<a href="http://www.engnetbase.com/ejournals/books/book_km.asp?id=4668">http://www.engnetbase.com/ejournals/books/book_km.asp?id=4668</a> |
| 856 40 - ELECTRONIC LOCATION AND ACCESS |
| Uniform Resource Identifier |
<a href="https://lt.ltag.bibl.liu.se/login?url=http://www.engnetbase.com/ejournals/books/book_km.asp?id=4668">https://lt.ltag.bibl.liu.se/login?url=http://www.engnetbase.com/ejournals/books/book_km.asp?id=4668</a> |
| 942 ## - ADDED ENTRY ELEMENTS (KOHA) |
| Source of classification or shelving scheme |
|
| Koha item type |
Book |